Responses for show #760 - Friday, December 18, 1987

Contestants

[<< previous game]

Ralph Biancalana, a college graduate from Houston, Texas

Lee Steward, a psychometrist from Memphis, Tennessee

David Nagy, a rock singer from Los Angeles, California (whose 2-day cash winnings total $31,200)

[next game >>]

Jeopardy! Round responses

WORLD HISTORY
NATIONAL SPORTS
FASHION
VOCABULARY
ALLITERATIVE NAMES
KIDDIE LIT CREATURES
    $100 1
the Falkland Islands

Ralph
    $100 2
baseball

Ralph
    $100 12
Reebok

Ralph
    $100 7
the sun

Lee
    $100 16
Alan Alda

Ralph
    $100 17
a cow

David
    $200 4
Siberia

David
    $200 3
toreadors (bullfighters)

David
    $200 13
(Ralph: What is Danskin?)

Capezio

Ralph
Triple Stumper
    $200 11
dead

Ralph
    $200 18
Charles Chaplin

David
    $200 25
Bambi

David
    $300 8
Cardinal Richelieu

Ralph
    $300 5
soccer

Ralph
    $300 24
junior

Triple Stumper
    $300 14
(David: What is around his middle?)
(Ralph: What is around the ankle?)
...
(Alex: His glengarry is his cap, so let's assume he would wear it on [*].)

his head

DavidRalph
Triple Stumper
    $300 19
Kublai Khan

Ralph
    $300 28
Brer Fox

Lee
    $400 9
Milan

Ralph
    $400 6
cricket

David
    $400 26
Olga

David
    $400 20
teeth

Ralph
    $400 22
Mary Martin

Ralph
    $400 29
Dr. Seuss

Lee
    $500 10
(Fulgencio) Batista

David
    $500 15
(David: What is hockey?)

lacrosse

DavidRalph
    $500 27
Papa Gallo

David
    $500 21
the iris

David
    $500 23
James Joyce

Ralph
    $800 30
Rikki-Tikki-Tavi

Lee

Scores at the first commercial break (after clue 14):

David Lee Ralph
$1,000 $100 $1,000

Scores at the end of the Jeopardy! Round:

David Lee Ralph
$2,400 $1,600 $3,200

Double Jeopardy! Round responses

GENESIS
WORLD GEOGRAPHY
BROADWAY FLOPS
BUSINESS & INDUSTRY
INSECTS
"GRAND"
    $200 15
the Tower of Babel (Tower of Babylon accepted)

Ralph
    $200 1
Ontario

David
    $200 3
Bye Bye Birdie

David
    $200 12
Stouffer's

Triple Stumper
    $200 14
(Ralph: What are grasshoppers?)

beetles

DavidRalph
    $200 2
Grandma Moses

Ralph
    $400 17
wives

Ralph
    $400 4
(David: What are the tropics?)
(Alex: Be more specific.)
(David: What are [*]?)

the Tropic of Cancer & the Tropic of Capricorn

David
    $400 16
Frankenstein

Lee
    $400 13
DuPont

David
    $400 22
a honey bee

Ralph
    $400 5
a grand jury

Lee
    $1,000 6
Asia

Lee
    $600 18
(David: Who is Gahan Wilson?)

Edward Gorey

David
Triple Stumper
    $800 19
Texas

Ralph
    $600 24
termites

David
    $600 9
Grand Prix

David
    $800 7
Switzerland

David
    $800 20
Aaron Burr

Triple Stumper
    $800 25
(David: What are fireflies?)

dragonflies

David
Triple Stumper
    $800 10
Grand Duchess

Lee
    $1000 8
(David: What is Peru?)

Venezuela

David
Triple Stumper
    $1000 23
Harold and Maude

David
    $1000 21
(Alex: Good for1,000. We've got a minute to go.)

Robert Hall

David
    $1000 26
[The end-of-round signal sounds]

the exoskeleton

Triple Stumper
    $1000 11
the Grand Guignol

David

Scores at the end of the Double Jeopardy! Round:

David Lee Ralph
$6,400 $4,200 $5,000

[wagering suggestions for these scores]

Final Jeopardy! Round responses

FAMOUS PAIRS
(Alex: We'll begin in the middle with Lee Steward. What did you put down?)
(Lee: Uh, not much.)
(Alex: Looks like Faraday. Inspector Faraday and Boston Blackie.)
(Lee: That's it. You got it.)
LeeWho were [illegible scribbling]
$4,000
RalphWho were Watson & Crick?
$4,200
DavidWho were
$6,400
Gilbert and Sullivan

Final scores:

David Lee Ralph
$0 $200 $800
3rd place: a Casio electronic typewriter 2nd place: a trip for two to Mazatlan, Mexico New champion: $800

Game dynamics:

Coryat scores:

David Lee Ralph
$6,400 $3,500 $4,800
21 R,
5 W
8 R
(including 2 DDs),
0 W
18 R
(including 1 DD),
3 W

Combined Coryat: $14,700

The J! Archive is created by fans, for fans. The Jeopardy! game show and all elements thereof, including but not limited to copyright and trademark thereto, are the property of Jeopardy Productions, Inc. and are protected under law. This website is not affiliated with, sponsored by, or operated by Jeopardy Productions, Inc. Join the discussion at JBoard.tv.